España y Portugal (Record no. 155035)

MARC details
000 -LEADER
campo de control de longitud fija 00836nam a22001815i 4500
001 - NÚMERO DE CONTROL
campo de control 155035
003 - IDENTIFICADOR DE NÚMERO DE CONTROL
campo de control ES-MaACL
005 - FECHA Y HORA DE LA ÚLTIMA TRANSACCIÓN
campo de control 20250929063221.0
008 - DATOS DE LONGITUD FIJA--INFORMACIÓN GENERAL
campo de control de longitud fija 040720s1873 sp |||| | spa d
040 ## - FUENTE DE CATALOGACIÓN
Centro catalogador/agencia de origen CAM
Lengua de catalogación spa
Centro/agencia transcriptor CAM
100 1# - ENTRADA PRINCIPAL--NOMBRE DE PERSONA
Nombre de persona Guzmán, José María,
Fechas asociadas al nombre S.XIX
9 (RLIN) 127677
245 10 - MENCIÓN DEL TÍTULO
Título España y Portugal
Resto del título : juguete cómico en un acto y en prosa /
Mención de responsabilidad, etc. original de José María Guzmán.
260 ## - PUBLICACIÓN, DISTRIBUCIÓN, ETC.
Lugar de publicación, distribución, etc. Madrid :
Nombre del editor, distribuidor, etc. [s.n.],
Fecha de publicación, distribución, etc. 1873 (
Fabricante Imprenta, fundición y estereotipia de Juan Aguado)
300 ## - DESCRIPCIÓN FÍSICA
Extensión 27 p. ;
Dimensiones 20 cm.
500 ## - NOTA GENERAL
Nota general Representado por primera vez en el Teatro-Romea el día 17 de febrero de 1873.
852 ## - LOCALIZACIÓN
Ubicación ES-MaACL
Número de control de estantería F-8553(1)
Nota libre -- Enc. pasta española
condición física .- Falto de la cub. original
Nota libre .- Enc. en un vol. faciticio, formando parte de la col. facticia "Teatro español moderno", v. 5
Holdings
Estatus retirado Estado de pérdida Estado de daño No para préstamo Colección Biblioteca de origen Biblioteca actual Ubicación en estantería Fecha de adquisición Total de préstamos Signatura topográfica completa Código de barras Visto por última vez Precio de reemplazo Tipo de ítem Koha
        Libros del s. XIX Biblioteca del Ateneo de Madrid Biblioteca del Ateneo de Madrid Sala Pecera Planta 2 17/01/2008   F-8553(1) 1162175 23/02/2023 23/02/2023 Libro impreso antiguo